[Event "TCh-FRA Top 12 2011"]
[Site "Mulhouse FRA"]
[Date "2011.05.31"]
[Round "6"]
[White "Terrieux,K"]
[Black "Postny,E"]
[Result "1/2-1/2"]
[WhiteElo "2434"]
[BlackElo "2612"]

1.d4 Nf6 2.c4 e6 3.Nc3 Bb4 4.Qc2 O-O 5.e4 d6 6.a3 Bxc3+ 7.bxc3 e5 8.Bd3 c5
9.d5 Nbd7 10.Ne2 Nh5 11.g4 Nhf6 12.h3 Re8 13.Ng3 Nf8 14.g5 N6d7 15.h4 Ng6
16.Ne2 f6 17.h5 Nf4 18.Nxf4 exf4 19.Bxf4 fxg5 20.Bxd6 Qf6 21.Bg3 Ne5 22.O-O-O Bg4
23.Be2 Bxe2 24.Qxe2 Qa6 25.Bxe5 Qxa3+ 26.Qb2 Qxb2+ 27.Kxb2 Rxe5 28.Rhe1 Rae8
29.f3 g4 30.fxg4 Rxe4 31.Rxe4 Rxe4 32.Rf1 Re7 33.Kb3 b6 34.Ka4 a6 35.Rb1 Rb7
36.Re1 Kf7 37.Re6 h6 38.Kb3 Rb8 39.Kc2 Rb7 40.Kd3 a5 41.Kc2 a4 42.Re4 Ra7
43.Re1 a3 44.Rf1+ Ke7 45.Kb3 Ra5 46.Ra1 b5 47.cxb5 Rxb5+ 48.Kxa3 c4 49.Ka4 Rb3
50.Rd1 Kd6 51.Rd4 Rxc3 52.Kb4 Rc1 53.Rxc4 Rb1+ 54.Kc3 Kxd5 55.Rd4+ Ke5 56.Rd7 Kf6
57.Rd6+ Kf7 58.Kd2 Rb4 59.Rg6 Re4 60.Kd3 Re1 61.Kd4 Re2 62.Kd5 Re3 63.Kd4 Re6
64.Rxe6 Kxe6 65.Ke4 Kf6 66.Kf4 g6 67.hxg6 Kxg6 68.Kg3 h5 69.gxh5+ Kxh5  1/2-1/2

[Event "Nis Open 2011"]
[Site "Nis SRB"]
[Date "2011.06.01"]
[Round "8.1"]
[White "Miljkovic,Mir1"]
[Black "Tosic,M"]
[Result "1/2-1/2"]
[WhiteElo "2506"]
[BlackElo "2399"]

1.d4 Nf6 2.c4 e6 3.Nc3 Bb4 4.Qc2 O-O 5.a3 Bxc3+ 6.Qxc3 b6 7.Nf3 Bb7 8.Bg5 d6
9.Nd2 Nbd7 10.f3 h6  1/2-1/2

[Event "TCh-BUL GpA Men"]
[Site "Albena BUL"]
[Date "2011.06.02"]
[Round "1.1"]
[White "Georgiev,Ki"]
[Black "Nikolov,Sas"]
[Result "1-0"]
[WhiteElo "2656"]
[BlackElo "2418"]

1.d4 Nf6 2.c4 e6 3.Nc3 Bb4 4.Qc2 O-O 5.a3 Bxc3+ 6.Qxc3 d5 7.Nf3 b6 8.e3 Ba6
9.b4 c5 10.dxc5 bxc5 11.Bb2 Nbd7 12.cxd5 Bxf1 13.Kxf1 cxb4 14.axb4 exd5 15.Ke2 Rc8
16.Qd3 Qb6 17.Rhb1 Ne4 18.Kf1 Qg6 19.Kg1 Rc4 20.Qxd5 Nb6 21.Qd3 Rxb4 22.Bd4 Rxb1+
23.Qxb1 Rc8 24.h3 h6 25.Nh4 Qe6 26.Rxa7 Nd5 27.Qb2 Ndc3 28.Ra1 Qc4 29.Bxc3 Nxc3
30.Nf3 Ne2+ 31.Kh2 Nc1 32.Ne5 Qe4 33.Nxf7 Rc2 34.Qe5 Qc6 35.Nd8 Qd7 36.Ra8 Rxf2
37.Ne6+ Kh7 38.Nf8+ Rxf8 39.Rxf8 Ne2 40.Qe4+ g6 41.Qe5  1-0

[Event "29th Liechtenstein Open"]
[Site "Triesen LIE"]
[Date "2011.06.02"]
[Round "7.8"]
[White "Kelecevic,N"]
[Black "Borisova,B"]
[Result "1-0"]
[WhiteElo "2279"]
[BlackElo "2106"]

1.d4 Nf6 2.c4 e6 3.Nc3 Bb4 4.Qc2 O-O 5.e4 Bxc3+ 6.bxc3 d6 7.e5 Ne8 8.Bd3 f5
9.exf6 Nxf6 10.Nf3 Qe8 11.O-O Qh5 12.Ng5 e5 13.dxe5 Ng4 14.h3 Nxe5 15.Bxh7+ Kh8
16.f4 Nbc6 17.fxe5 Rxf1+ 18.Kxf1 Bxh3 19.gxh3 Rf8+ 20.Kg2 Nxe5 21.Be4 b6
22.Be3 Nxc4 23.Qd3 Ne5 24.Rf1 Rf6 25.Qd1 Qh4 26.Qe1 Qh5 27.Rxf6 gxf6 28.Nf3 f5
29.Nxe5 dxe5 30.Bf3 Qg6+ 31.Kh2 f4 32.Bf2  1-0

[Event "TCh-BUL GpA Men"]
[Site "Albena BUL"]
[Date "2011.06.04"]
[Round "3.1"]
[White "Nikolov,Sas"]
[Black "Georgiev,Vl"]
[Result "1/2-1/2"]
[WhiteElo "2418"]
[BlackElo "2574"]

1.d4 Nf6 2.c4 e6 3.Nc3 Bb4 4.Qc2 O-O 5.a3 Bxc3+ 6.Qxc3 d5 7.e3 Nbd7 8.Nf3 c5
9.dxc5 Nxc5 10.b4 Nce4 11.Qd4 dxc4 12.Qxd8 Rxd8 13.Bxc4 Bd7 14.Bb2 Rac8 15.Rc1 Nd6
16.Bb3 Rxc1+ 17.Bxc1 Bb5 18.Ne5 Rc8 19.Bb2 Nd5 20.h4 f6 21.Nf3 Bc4 22.Bd1 e5
23.Nd2 Kf8 24.Nxc4 Nxc4 25.Bc1 Nd6 26.Bd2 Ke7 27.Bb3 Nc3 28.O-O Nde4 29.Be1 Rd8
30.Bc2 Nd2 31.Bxd2 Rxd2 32.Bxh7 Ra2 33.g4 b5 34.Kg2 Rxa3 35.h5 a5 36.bxa5 b4
37.Rc1 Rxa5 38.Rc2 Ra2 39.Rxa2 Nxa2 40.f4 b3 41.Bg8 Nc1 42.g5 b2 43.Bh7 exf4
44.exf4 Ne2 45.gxf6+ gxf6 46.Kf2 Nxf4 47.Ke3 Nxh5 48.Kd2 Kf7 49.Kc2 Kg7 50.Bd3 Kh6
51.Kxb2 Kg5  1/2-1/2

[Event "TCh-BIH 2011"]
[Site "Neum BIH"]
[Date "2011.06.05"]
[Round "2.1"]
[White "Erdos,V"]
[Black "Savic,Miod1"]
[Result "1/2-1/2"]
[WhiteElo "2609"]
[BlackElo "2512"]

1.d4 Nf6 2.c4 e6 3.Nc3 Bb4 4.Qc2 O-O 5.a3 Bxc3+ 6.Qxc3 b6 7.Bg5 Bb7 8.f3 d5
9.e3 Nbd7 10.Nh3 h6 11.Bh4 c5 12.cxd5 cxd4 13.Qxd4 e5 14.Qd1 Bxd5 15.Nf2 Be6
16.Bd3 b5 17.O-O Qb6 18.Qe2 a6 19.Rfe1 Rac8 20.Kh1 Bc4 21.Rac1 Qe6 22.Bxc4 Rxc4
23.Rxc4 Qxc4 24.Qxc4 bxc4 25.Rc1 Rb8 26.Nd1 Nb6 27.Bg3 Nfd7 28.e4 f6 29.Bf2 Na4
30.Rxc4 Nxb2 31.Nxb2 Rxb2 32.Bg1 Rb1  1/2-1/2

[Event "TCh-BUL GpA Men"]
[Site "Albena BUL"]
[Date "2011.06.07"]
[Round "6.2"]
[White "Enchev,I"]
[Black "Ninov,N"]
[Result "1-0"]
[WhiteElo "2435"]
[BlackElo "2513"]

1.d4 Nf6 2.c4 e6 3.Nc3 Bb4 4.Qc2 O-O 5.a3 Bxc3+ 6.Qxc3 d5 7.cxd5 Ne4 8.Qc2 exd5
9.Bf4 Nc6 10.e3 Re8 11.Nf3 g5 12.Bg3 h5 13.Ne5 Bd7 14.Nxc6 Bxc6 15.O-O-O h4
16.Be5 Re6 17.f3 Be8 18.Kb1 Rc6 19.Qe2 f6 20.fxe4 Bg6 21.Qg4 Bxe4+ 22.Bd3 Bxd3+
23.Rxd3 Qc8 24.Qf3 fxe5 25.Rf1 Qe6 26.dxe5 Rd8 27.e4 d4 28.Rxd4 Rxd4 29.Qf8+ Kh7
30.Rf7+ Kg6 31.Rg7+ Kh5 32.Rh7+ Qh6 33.Qf3+  1-0

[Event "TCh-SLO"]
[Site "Lasko SLO"]
[Date "2011.06.10"]
[Round "7"]
[White "Brusnjak,Saso"]
[Black "Justin,M"]
[Result "0-1"]
[WhiteElo "2083"]
[BlackElo "2339"]

1.d4 Nf6 2.c4 e6 3.Nc3 Bb4 4.Qc2 O-O 5.e4 d5 6.e5 Ne4 7.Bd3 c5 8.Bxe4 dxe4
9.dxc5 Nd7 10.Ne2 Nxe5 11.O-O Qd3 12.Qb3 Bxc3 13.Nxc3 Nf3+ 14.gxf3 exf3 15.Ne2 Qxb3
16.axb3 fxe2 17.Re1 Rd8 18.Rxe2 Rd1+ 19.Kg2 e5 20.Rd2 Rxd2 21.Bxd2 Be6 22.Bc3 f6
23.Rd1 Rc8 24.Rd6 Kf7 25.b4 Bxc4 26.Rd7+ Kg6 27.Kg3 Rb8 28.h4 h5 29.Rd6 Kf5
30.Rd7 g6 31.Re7 a6 32.Rd7 Bb5 33.Rd6 Re8 34.Bd2 Bc6 35.Bh6 Rg8 36.Bd2 g5
37.hxg5 fxg5 38.Rh6 h4+ 39.Kh2 Bf3 40.Be3 Ke4 41.Bd2 g4 42.Be1 Kd3 43.Rxh4 Ke2
44.Bc3 Kxf2 45.Rh7 g3+ 46.Kh3 g2 47.Bxe5  0-1

[Event "20th ICSC TCh-EUR Club"]
[Site "Liverpool ENG"]
[Date "2011.06.10"]
[Round "3"]
[White "Frajka,P"]
[Black "Hoyer,Olaf"]
[Result "0-1"]
[WhiteElo "1810"]
[BlackElo "1908"]

1.d4 Nf6 2.c4 e6 3.Nc3 Bb4 4.Qc2 O-O 5.e4 d5 6.e5 Ne4 7.Nf3 c5 8.a3 Qa5 9.Bd2 Nxd2
10.Kxd2 cxd4 11.Nxd4 dxc4 12.Qe4 Rd8 13.Bxc4 Nc6 14.axb4 Qxb4 15.Ra4 Rxd4+
16.Kc1 Qxc3+ 17.bxc3 Rxe4 18.Rd1 Kf8 19.g3 Nxe5 20.Bb5 Rxa4 21.Rd8+ Ke7 22.Re8+ Kf6
23.Bxa4 Nc6 24.Kd2 a6 25.c4 b5 26.cxb5 axb5 27.Bxb5 Bb7 28.Bxc6 Bxc6 29.Rxe6+ fxe6  0-1

[Event "28th BSG Pinkstertoernooi"]
[Site "Bussum NED"]
[Date "2011.06.11"]
[Round "3"]
[White "Lombaers,P"]
[Black "Overeem,M"]
[Result "1-0"]
[WhiteElo "2065"]
[BlackElo "2181"]

1.d4 Nf6 2.c4 e6 3.Nc3 Bb4 4.Qc2 O-O 5.a3 Bxc3+ 6.Qxc3 b6 7.Bg5 Bb7 8.e3 d6
9.Ne2 Nbd7 10.Qd3 c5 11.Nc3 a6 12.Rd1 Qc7 13.Be2 d5 14.cxd5 Nxd5 15.O-O cxd4
16.Nxd5 Bxd5 17.Qxd4 Nc5 18.b4 Ne4 19.Rc1 Qb7 20.Bf4 Rfc8 21.f3 Nf6 22.a4 b5
23.e4 Bb3 24.axb5 axb5 25.Rc5 Ba4 26.Rfc1 Ne8 27.Qc3 Rxc5 28.bxc5 Qc6 29.Qd4 Rc8
30.Bg3 f6 31.f4 Nd6 32.Bf3 Nc4 33.Bf2 e5 34.Qd5+ Kf8 35.Bg4 Rc7 36.Qd8+ Kf7
37.Qh8 exf4 38.Qxh7 Ne5 39.Bh5+ Ke6 40.Qg8+ Nf7 41.Qxg7 Ng5 42.Bg4+ Ke5 43.Qg6 Qxe4
44.Re1  1-0

[Event "TCh-BIH 2011"]
[Site "Neum BIH"]
[Date "2011.06.11"]
[Round "8.4"]
[White "Erdos,V"]
[Black "Kosic,D"]
[Result "1/2-1/2"]
[WhiteElo "2609"]
[BlackElo "2485"]

1.d4 e6 2.c4 Bb4+ 3.Nc3 Nf6 4.Qc2 O-O 5.a3 Bxc3+ 6.Qxc3 d5 7.Bg5 dxc4 8.Qxc4 b6
9.Rd1 Ba6 10.Qa4 Qd5 11.Bxf6 gxf6 12.Nh3 Rd8 13.f3 Qd7 14.Qc2 Nc6 15.e3 Bxf1
16.Rxf1 Ne7 17.Kf2 Ng6 18.Ng1 Qe7 19.Ne2 c5 20.dxc5 bxc5 21.Rxd8+ Rxd8 22.Rd1 Rxd1
23.Qxd1 f5 24.h3 Qc7 25.f4 Ne7 26.Nc3 c4 27.Qa4 Kg7 28.Qb5 h5 29.a4 a5 30.g3 Kf6
31.Ne2  1/2-1/2

[Event "1st Chinese Celebrity"]
[Site "Shenzhen CHN"]
[Date "2011.06.12"]
[Round "3"]
[White "Zhou Jianchao"]
[Black "Ding,L"]
[Result "1-0"]
[WhiteElo "2636"]
[BlackElo "2664"]

1.d4 Nf6 2.c4 e6 3.Nc3 Bb4 4.Qc2 O-O 5.a3 Bxc3+ 6.Qxc3 d5 7.e3 b6 8.cxd5 Qxd5
9.f3 Ba6 10.e4 Qb7 11.Bxa6 Qxa6 12.Be3 Nbd7 13.Qc6 Rac8 14.Rc1 Nb8 15.Qc4 c5
16.dxc5 Qxc4 17.Rxc4 Nbd7 18.b4 bxc5 19.bxc5 Ne5 20.Rc3 Rb8 21.Nh3 Rb1+ 22.Bc1 Nc6
23.Nf4 Rd8 24.O-O Kf8 25.Be3 Rb2 26.Nd3 Rb5 27.Kf2 a5 28.Ke2 Ne8 29.Rd1 Ke7
30.Rd2 e5 31.Nc1 Rxd2+ 32.Kxd2 Rb2+ 33.Rc2 Rb8 34.Nd3 Rb3 35.Rc3 Rb1 36.Rc1 Rb3
37.Rc3 Rb1 38.Kc2 Rh1 39.h3 Nc7 40.Rb3 Rh2 41.Ne1 Rh1 42.Kd2 a4 43.Rb7 Kd7
44.Ke2 Na5 45.Rb4 Kc6 46.Rxa4 Nb3 47.Kf2 Nxc5 48.Rc4 Ne6 49.Nd3 Kb5 50.Rb4+ Kc6
51.Nxc5  1-0

[Event "35th Open"]
[Site "Fourmies FRA"]
[Date "2011.06.13"]
[Round "7.1"]
[White "Maiorov,N1"]
[Black "David,Alb"]
[Result "1/2-1/2"]
[WhiteElo "2528"]
[BlackElo "2593"]

1.d4 Nf6 2.c4 e6 3.Nc3 Bb4 4.Qc2 O-O 5.a3 Bxc3+ 6.Qxc3 d5 7.Bg5 dxc4 8.Qxc4 b6
9.Rd1 Ba6 10.Qa4 h6 11.Bh4 Qd7 12.Qc2 Nd5 13.e4 Bxf1 14.Kxf1 Ne7 15.Nf3 Ng6
16.Bg3 Nc6 17.h4 Rac8 18.Rh3 Na5 19.h5 Ne7  1/2-1/2

[Event "Zonal 3.4 Men"]
[Site "Tashkent UZB"]
[Date "2011.06.14"]
[Round "7.4"]
[White "Vakhidov,J"]
[Black "Akkozov,B"]
[Result "1-0"]
[WhiteElo "2348"]
[BlackElo "2369"]

1.d4 Nf6 2.c4 e6 3.Nc3 Bb4 4.Qc2 O-O 5.a3 Bxc3+ 6.Qxc3 b5 7.cxb5 c6 8.f3 Nd5
9.Qd3 cxb5 10.e4 Nb6 11.Qxb5 d5 12.Bd3 f5 13.exd5 exd5 14.Ne2 Re8 15.Bg5 Qd7
16.Qxd7 Bxd7 17.Kf2 Nc6 18.b4 Na4 19.Rab1 Rab8 20.Rhc1 Rb7 21.Bf4 Re6 22.Kf1 g6
23.Ba6 Rb6 24.b5 Na5 25.Rc7 Re7 26.Bc8 Rbe6 27.Bxd7 Rxe2 28.Rxa7 Nc4 29.Rxa4 Ra2
30.Bc6 Nb6 31.Ra6 Ree2 32.Rxb6 Rf2+ 33.Kg1 Rxg2+ 34.Kh1 Kg7 35.Rb7+  1-0

[Event "Voronezh FIDE Open"]
[Site "Voronezh RUS"]
[Date "2011.06.14"]
[Round "3.29"]
[White "Zharkikh,Sergey"]
[Black "Kornilov,P"]
[Result "0-1"]
[WhiteElo "1794"]
[BlackElo "2048"]

1.d4 Nf6 2.c4 e6 3.Nc3 Bb4 4.Qc2 O-O 5.e3 b6 6.Bd3 Bb7 7.f3 d5 8.Ne2 c5 9.O-O dxc4
10.Bxc4 cxd4 11.Nxd4 Qe7 12.Bd2 Nbd7 13.a3 Bc5 14.Nb3 Bd6 15.Rac1 Rac8 16.Bd3 Bb8
17.Qb1 Rfd8 18.Ne4 Rxc1 19.Rxc1 Nd5 20.Nc3 Qh4 21.f4 e5 22.Nxd5 Bxd5 23.Bc4 Bxc4
24.Rxc4 exf4 25.exf4 Ne5 26.Be1 Qg4 27.h3 Qe6 28.Rc3 Nc4 29.Bg3 Qe2 30.Rc1 Qe3+
31.Kh2 Qxb3  0-1

[Event "4th Karen Asrian Memorial"]
[Site "Jermuk ARM"]
[Date "2011.06.16"]
[Round "1"]
[White "Lorparizangeneh,S"]
[Black "Turova,I"]
[Result "0-1"]
[WhiteElo "2120"]
[BlackElo "2442"]

1.d4 Nf6 2.c4 e6 3.Nc3 Bb4 4.Qc2 O-O 5.a3 Bxc3+ 6.Qxc3 Qe8 7.f3 d5 8.Bf4 dxc4
9.e4 b5 10.Bxc7 Qc6 11.Bf4 Bb7 12.Nh3 Nbd7 13.Be2 Rfc8 14.O-O Nb6 15.Rac1 a5
16.b3 cxb3 17.Qxb3 Nc4 18.Bxc4 bxc4 19.Qc3 Nd7 20.d5 exd5 21.exd5 Qc5+ 22.Be3 Qxd5
23.Rfd1 Qf5 24.Bd4 f6 25.Nf2 h5 26.Rb1 Rc7 27.Bb6 Nxb6 28.Rxb6 Qc5 29.Rbd6 Re8
30.Kf1 Qe5 31.R6d4 a4 32.Re1 Qb5 33.Rxe8+ Qxe8 34.Nd1 Qb5 35.Rd8+ Kf7 36.Ne3 Ba6
37.Rd5 Rc5 38.Rxc5 Qxc5 39.Ke2 Qd6 40.g3 h4 41.f4 h3 42.Ke1 Qc6 43.Qa5 Qh1+
44.Nf1 Qe4+ 45.Kf2 Bb7 46.Qh5+ Kg8 47.Ne3 c3 48.Qe2 Qh1 49.Qc4+ Kh8 50.Nf1 c2
51.Qc5 Qf3+  0-1

[Event "TCh-CZE-SLO w Extraliga"]
[Site "Orlova CZE"]
[Date "2011.06.16"]
[Round "1"]
[White "Edes,Z"]
[Black "Kochetkova,J"]
[Result "1/2-1/2"]
[WhiteElo "2043"]
[BlackElo "2341"]

1.d4 Nf6 2.c4 e6 3.Nc3 Bb4 4.Qc2 O-O 5.Bg5 d5 6.cxd5 exd5 7.a3 Be7 8.Nf3 Nbd7
9.b4 Re8 10.e3 Nf8 11.Ne5 c6 12.Bd3 Bd6 13.Nf3 Ng6 14.O-O h6 15.Bxf6 Qxf6
16.b5 Bg4 17.Be2 Rad8 18.bxc6 bxc6 19.Rfe1 Bb8 20.Na4 Qd6 21.g3 Qf6 22.Qd1 Nf8
23.Nh4 Bc8 24.Rc1 Qd6 25.Rc3 Bc7 26.Qc2 Ba5 27.Rxc6 Qxa3 28.Rf1 Bd7 29.Ra6 Rc8
30.Nc5 Ne6 31.Rxa7 Nxc5 32.dxc5 Rxc5 33.Qb1 Bh3 34.Qb7 Be6 35.Bh5 Rf8 36.Ng6 Rd8
37.Ne5 Qc3 38.Bxf7+ Kh8 39.Ng6+ Kh7 40.Bxe6 Rc7 41.Qa6 Rxa7 42.Qxa7 Kxg6
43.Qf7+ Kh7 44.Bf5+ Kh8 45.Qg6 Kg8 46.Be6+ Kh8 47.Bf5 Kg8 48.Be6+ Kh8 49.Bxd5 Qf6
50.Be4 Qxg6 51.Bxg6 Rd6 52.Ra1 Bd8 53.Ra8 Kg8 54.e4 Kf8 55.e5 Rd2 56.Rc8 Ke7
57.Rc2 Rd5 58.Re2 Rc5 59.Kg2 Ra5 60.f4 Ra6 61.f5 Bc7 62.e6 Rc6 63.Rd2 Bd6
64.Ra2 Rc7 65.Ra8 Kf6 66.Rd8 Be7 67.Rd5 Rc2+ 68.Kh3 Bc5 69.Kg4 Rc4+ 70.Kf3 Rc3+
71.Kg4 Rc4+ 72.Kf3 Rc3+ 73.Ke4  1/2-1/2

[Event "Voronezh FIDE Open"]
[Site "Voronezh RUS"]
[Date "2011.06.16"]
[Round "5.39"]
[White "Fedotov,Nikita2"]
[Black "Markevich,A"]
[Result "0-1"]
[WhiteElo "1793"]
[BlackElo "2021"]

1.d4 Nf6 2.c4 e6 3.Nc3 Bb4 4.Qc2 O-O 5.Bg5 h6 6.Bxf6 Qxf6 7.Nf3 c5 8.a3 Ba5
9.e3 d5 10.cxd5 exd5 11.Be2 Bf5 12.Qd2 c4 13.O-O Qd6 14.Qd1 Nd7 15.Nd2 Nf6
16.Bf3 Rab8 17.Re1 Rfe8 18.g3 b5 19.Bg2 Bxc3 20.bxc3 a5 21.Qc1 b4 22.axb4 axb4
23.cxb4 Qxb4 24.Nb1 Qb2 25.Qxb2 Rxb2 26.Nc3 Ng4 27.Bxd5 Nxf2 28.Nd1 Nxd1
29.Raxd1 c3 30.e4 c2 31.Rc1 Bg4 32.Rf1 Re7 33.Kf2 Bd1 34.Ke3 Rb1 35.Kd2 Rxc1
36.Kxc1 Ra7 37.Rxd1 cxd1=Q+ 38.Kxd1 Ra4 39.Ke2 Rxd4 40.Ke3 Rd1 41.h4 Kf8
42.Kf4 Ke7 43.g4 Kd6 44.Bc4 Kc5 45.Be2 Re1 46.Bf3 Kd4 47.g5 hxg5+ 48.hxg5 Rg1
49.Be2 Rg2 50.Bf3 Rf2 51.g6 fxg6 52.Kg3 Ke3 53.Bh1 Rf1 54.Bg2 Rf4 55.Bh1 Rf2
56.Bg2 Rxg2+ 57.Kxg2 Kxe4 58.Kg3 Kf5 59.Kf3 g5 60.Kg3 g4 61.Kg2 Kf4 62.Kf2 g3+
63.Kg2 Kg4 64.Kg1 Kf3 65.Kf1 g2+ 66.Kg1 g6 67.Kh2 Kf2  0-1

[Event "5th Metropolitan Qualifier"]
[Site "Los Angeles USA"]
[Date "2011.06.17"]
[Round "1"]
[White "Polsky,Ryan P"]
[Black "Kudryavtsev,V"]
[Result "0-1"]
[WhiteElo "1897"]
[BlackElo "2104"]

1.d4 Nf6 2.c4 e6 3.Nc3 Bb4 4.Qc2 O-O 5.a3 Bxc3+ 6.Qxc3 b6 7.e3 Bb7 8.f3 c5
9.dxc5 bxc5 10.Bd3 Nh5 11.Qe5 f5 12.Ne2 Qh4+ 13.g3 Qe7 14.O-O Nc6 15.Qc3 e5
16.b3 e4 17.fxe4 fxe4 18.Bc2 Rxf1+ 19.Kxf1 Rf8+ 20.Kg2 Rf3 21.Ng1 Qf7 22.Nxf3 Qxf3+
23.Kg1 Nd4 24.Bd3 exd3  0-1

[Event "e2e4 Gatwick Open"]
[Site "London ENG"]
[Date "2011.06.18"]
[Round "3"]
[White "Coates,D"]
[Black "Therrien,A"]
[Result "0-1"]
[WhiteElo "2080"]
[BlackElo "2251"]

1.d4 Nf6 2.c4 e6 3.Nc3 Bb4 4.Qc2 O-O 5.a3 Bxc3+ 6.Qxc3 d6 7.Bg5 Nbd7 8.e3 b6
9.Ne2 c5 10.Qd3 Ba6 11.Nc3 d5 12.Nb5 Rc8 13.a4 dxc4 14.Qxc4 h6 15.Bh4 Qe7
16.Be2 cxd4 17.Qxd4 Rc2 18.f4 Nc5 19.Rd1 Nb3 20.Qd6 Qxd6 21.Rxd6 Rxb2 22.Bxf6 gxf6
23.Kf2 Nc5 24.Rd4 Nxa4  0-1

[Event "Voronezh FIDE Open"]
[Site "Voronezh RUS"]
[Date "2011.06.18"]
[Round "7.38"]
[White "Fedotov,Nikita2"]
[Black "Skorobogatykh,A"]
[Result "1-0"]
[WhiteElo "1793"]
[BlackElo "1970"]

1.d4 Nf6 2.c4 e6 3.Nc3 Bb4 4.Qc2 O-O 5.e3 b6 6.a3 Bxc3+ 7.Qxc3 Bb7 8.Nf3 Ne4
9.Qc2 f5 10.Be2 d6 11.O-O Nd7 12.b4 c5 13.Bb2 Qe7 14.Rfd1 cxb4 15.axb4 g5
16.d5 e5 17.Nd2 Nxd2 18.Qxd2 Nf6 19.f3 Rfc8 20.Rac1 a5 21.bxa5 bxa5 22.Ra1 a4
23.Qb4 Qd7 24.Ba3 Ne8 25.Bd3 Rcb8 26.Qc3 Ba6 27.Bc2 Rc8 28.c5 dxc5 29.Qxe5 Ng7
30.Bb2 Bb5 31.Qf6 Ra6 32.d6 Qf7 33.Qxg5 Bd7 34.e4 Qg6 35.Qe7 Qf7 36.exf5 Nxf5
37.Bxf5 Bxf5 38.Qe5 Kf8 39.Re1 Bd7 40.Re4 Raa8 41.Qh8+  1-0

[Event "Voronezh FIDE Open"]
[Site "Voronezh RUS"]
[Date "2011.06.20"]
[Round "9.38"]
[White "Shcherbakov,Nikolay"]
[Black "Skorobogatykh,A"]
[Result "0-1"]
[WhiteElo "1771"]
[BlackElo "1970"]

1.d4 Nf6 2.c4 e6 3.Nc3 Bb4 4.Qc2 O-O 5.a3 Bxc3+ 6.Qxc3 Ne4 7.Qc2 f5 8.g3 b6
9.Bg2 Bb7 10.f3 Nf6 11.Nh3 c5 12.dxc5 bxc5 13.O-O Nc6 14.e3 a5 15.Rd1 Qc7
16.Bd2 Ne5 17.Rf1 Rab8 18.e4 fxe4 19.fxe4 Nc6 20.Nf4 Nd4 21.Qd3 Ng4 22.Bc3 Ne5
23.Qd1 Nec6 24.Qh5 Nc2 25.Qxc5 Nxa1 26.Be5 Nb3 27.Bxc7 Nxc5 28.Bxb8 Rxb8
29.Rd1 Ba6 30.Nd3 Nxd3 31.Rxd3 Ne5 32.Rd2 Bxc4 33.h3 Kf7 34.g4 g5 35.Kf2 Ke7
36.Rc2 h6 37.Kg1 Rb3 38.Rd2 Bb5 39.Kh1 Nc4 40.Rd4 Rxb2 41.a4 Ba6 42.Bf1 Rb4
43.Kh2 Rxa4 44.e5 Rb4 45.h4 a4 46.hxg5 hxg5 47.Bg2 a3 48.Rd1 a2 49.Be4 Nxe5
50.Bh7 Bd3 51.Bxd3 Nxd3  0-1

[Event "49th National Challengers ch-IND"]
[Site "Aurangabad IND"]
[Date "2011.06.23"]
[Round "10"]
[White "Thejkumar,M"]
[Black "Narayanan,Sri"]
[Result "1/2-1/2"]
[WhiteElo "2451"]
[BlackElo "2337"]

1.d4 Nf6 2.c4 e6 3.Nc3 Bb4 4.Qc2 O-O 5.e4 d5 6.e5 Ne4 7.Bd3 c5 8.Nf3 cxd4
9.Nxd4 Nd7 10.Bf4 Ndc5 11.O-O Bxc3 12.bxc3 Bd7 13.Nb3 Nxd3 14.Qxd3 Rc8 15.f3 dxc4
16.Qxe4 cxb3 17.Qxb7 Rxc3 18.axb3 Bc6 19.Qxa7 Rxb3  1/2-1/2

[Event "ch-Commonwealth RSA-Open"]
[Site "Ekurhuleni RSA"]
[Date "2011.06.24"]
[Round "9"]
[White "Davies,Jason S."]
[Black "Mabusela,J"]
[Result "0-1"]
[WhiteElo "2048"]
[BlackElo "2270"]

1.d4 Nf6 2.c4 e6 3.Nc3 Bb4 4.Qc2 O-O 5.Nf3 b6 6.e4 d5 7.e5 Ne4 8.Bd3 Bb7
9.O-O Bxc3 10.bxc3 Nd7 11.cxd5 exd5 12.Nd2 c5 13.Nxe4 dxe4 14.Bxe4 Bxe4 15.Qxe4 cxd4
16.cxd4 Re8 17.Ba3 b5 18.Rfd1 Nb6 19.Qc6 a6 20.Bc5 Nc4 21.Rdc1 f6 22.e6 Qc8
23.Qxc8 Raxc8 24.e7 Kf7 25.h3 Na5 26.a4 Nb3 27.axb5 axb5 28.Rcb1 Nxa1 29.Rxa1 Ke6
30.Rb1 Rb8 31.Kf1 Rec8 32.Ke2  0-1

[Event "II Royal Residence Cup"]
[Site "Zhovkva UKR"]
[Date "2011.06.27"]
[Round "1"]
[White "Yushko,O"]
[Black "Chulivska,V"]
[Result "1-0"]
[WhiteElo "2120"]
[BlackElo "2219"]

1.d4 Nf6 2.c4 e6 3.Nc3 Bb4 4.Qc2 O-O 5.Nf3 d5 6.cxd5 exd5 7.Bg5 c6 8.e3 h6
9.Bh4 g5 10.Bg3 Ne4 11.Bd3 Qa5 12.Bxe4 dxe4 13.Nd2 f5 14.Qb3+ Kh7 15.O-O Bxc3
16.bxc3 f4 17.exf4 gxf4 18.Nxe4 Qd5 19.Qb1 Bf5 20.Qxb7+ Nd7 21.Nf6+ Rxf6
22.Qxa8 Bd3 23.Rfe1 fxg3 24.Re7+ Rf7 25.Rxf7+ Qxf7 26.hxg3 Nf6 27.Qxc6 Ne4
28.f3 Nxg3 29.Re1 Bc4 30.Qe8 Qxe8 31.Rxe8 Ne2+ 32.Kf2 Nxc3 33.Rc8 Nd1+ 34.Ke1 Nb2
35.Rc7+ Kg6 36.Rxa7 Nd3+ 37.Kd2 Nf4 38.g4 Bd5 39.Ke3 Ng2+ 40.Kf2 Nh4 41.f4 Ng2
42.f5+ Kf6 43.Ra6+ Kg7 44.a4 Nf4 45.Rd6 Bh1 46.a5 h5 47.gxh5 Nxh5 48.a6 Nf6
49.Rd8 Nd5 50.a7 Nb6 51.d5 Be4 52.Rb8  1-0

[Event "7th A Ermaka Memorial"]
[Site "Zaporizhzhia UKR"]
[Date "2011.06.29"]
[Round "6.6"]
[White "Borzov,D"]
[Black "Boldysh,Maxim"]
[Result "0-1"]
[WhiteElo "2151"]
[BlackElo "1993"]

1.d4 Nf6 2.c4 e6 3.Nc3 Bb4 4.Qc2 O-O 5.e4 c5 6.e5 cxd4 7.exf6 dxc3 8.bxc3 Qxf6
9.Bd2 Bc5 10.Nf3 h6 11.Bd3 Nc6 12.O-O b6 13.Rae1 Bb7 14.Bh7+ Kh8 15.Be4 Rac8
16.Qd3 d6 17.Qe2 Rc7 18.Bc2 Ne7 19.Qd3 Ng6 20.Nd4 Bxd4 21.Qxd4 Qxd4 22.cxd4 Nh4
23.Be4 Bxe4 24.Rxe4 Ng6 25.f4 Rxc4 26.f5 d5 27.Rg4 h5 28.Rg5 exf5 29.Rgxf5 Rxd4
30.Bc3 Rc4 31.Bb2 Rc2 32.Ba3 Re8 33.Rxd5 Ree2 34.Rxh5+ Kg8 35.Rg5 Nh4 36.Bd6 Rxg2+
37.Rxg2 Rxg2+ 38.Kh1 Rxa2 39.Bg3 Ng6 40.h4 Ne7 41.Be5 Ra5 42.Bc3 Rh5  0-1

[Event "Karvina Open"]
[Site "Karvina CZE"]
[Date "2011.07.02"]
[Round "1.20"]
[White "Kocwin,B"]
[Black "Havelka,Ondrej"]
[Result "1-0"]
[WhiteElo "2241"]
[BlackElo "1680"]

1.d4 Nf6 2.c4 e6 3.Nc3 Bb4 4.Qc2 O-O 5.Bg5 c5 6.a3 Bxc3+ 7.bxc3 b6 8.e3 Bb7
9.Nf3 d6 10.Bd3 h6 11.Bh4 Nbd7 12.O-O Qc7 13.Nd2 Rfe8 14.f3 Rab8 15.a4 Qc6
16.Ne4 Nxe4 17.fxe4 e5 18.d5 Qc7 19.Be2 Nf8 20.Bh5 Ng6 21.Qf2 Rf8 22.Bg3 Ba6
23.Qe2 Qe7 24.Rf2 Qg5 25.Rf5 Qe7 26.Raf1 Nh8 27.R5f2 Qg5 28.Rf5 Qe7 29.R5f2 Qg5
30.Bf3 Qe7 31.Qd3 Qd7 32.Ra2 Qe7 33.Rb1 Qd7 34.h3 Qe8 35.Kh2 Qd7 36.Bg4 Qe8
37.Be2 Qd7 38.a5 bxa5 39.Rba1 Rb6 40.Rxa5 Qb7 41.Qd1 f5 42.exf5 Rxf5 43.Qa4 Rb2
44.Bg4  1-0

[Event "34th Barbera del Valles"]
[Site "Barbera del Valles ESP"]
[Date "2011.07.04"]
[Round "1"]
[White "Cruz Lledo,P"]
[Black "Hernandez Carmenates,Hold"]
[Result "0-1"]
[WhiteElo "2269"]
[BlackElo "2570"]

1.d4 Nf6 2.c4 e6 3.Nc3 Bb4 4.Qc2 O-O 5.e4 d6 6.Bd3 Nc6 7.Ne2 Ba5 8.a3 Bb6
9.Be3 Ng4 10.Na4 e5 11.Nxb6 Nxe3 12.fxe3 axb6 13.O-O Qg5 14.Rf3 exd4 15.exd4 Bg4
16.Rg3 Qh4 17.Rf1 h5 18.Nf4 Qf6 19.e5 dxe5 20.Nxh5 Qh4 21.Nf6+ gxf6 22.Qf2 Nxd4
23.h3 Kh8 24.hxg4 Kg7 25.g5 f5 26.Qe3 Rae8 27.Rh3 f4 28.Qe4 Qxg5 29.Qh7+ Kf6
30.Rh5 Rh8 31.Rxg5 Rxh7 32.Rxe5 Rxe5 33.Bxh7 Kg5 34.Bd3 f5 35.Rd1 f3 36.gxf3 Nxf3+
37.Kf2 Nd4 38.Rg1+ Kf4 39.Rh1 Re7 40.Rh8 Ne6 41.Rh5 Rf7 42.b4 Ke5 43.Be2 Nf4
44.Rh8 Nxe2 45.Kxe2 Kd4 46.Kf3 Kxc4 47.Kf4 c5 48.Rh6 cxb4 49.axb4 b5 50.Ke5 Kxb4
51.Ke6 Rc7 52.Kxf5 Ka4  0-1

[Event "Karvina Open"]
[Site "Karvina CZE"]
[Date "2011.07.05"]
[Round "4.2"]
[White "Klima,L"]
[Black "Andreev,Ed UKR"]
[Result "1/2-1/2"]
[WhiteElo "2349"]
[BlackElo "2458"]

1.d4 Nf6 2.c4 e6 3.Nc3 Bb4 4.Qc2 O-O 5.e4 d5 6.e5 Ne4 7.a3 Bxc3+ 8.bxc3 c5
9.Bd3 cxd4 10.cxd4 Nc6 11.Ne2 Qa5+ 12.Kf1 f6 13.Bxe4 dxe4 14.exf6 Rxf6 15.Be3 Bd7
16.Ng3 Rff8 17.Kg1 Rac8 18.Kf1 Ra8 19.Nxe4 e5 20.d5 Nd4 21.Qd3 Bf5 22.f3 Rac8
23.Kf2  1/2-1/2

[Event "1st Crakow Closed GM"]
[Site "Krakow POL"]
[Date "2011.07.07"]
[Round "6.3"]
[White "Fodor,T jr"]
[Black "Banusz,T"]
[Result "1/2-1/2"]
[WhiteElo "2460"]
[BlackElo "2554"]

1.d4 e6 2.c4 Bb4+ 3.Nc3 Nf6 4.Qc2 O-O 5.a3 Bxc3+ 6.Qxc3 d5 7.Nf3 dxc4 8.Qxc4 b6
9.Bg5 Ba6 10.Qa4 c5 11.dxc5 bxc5 12.Rd1 Qb6 13.Bxf6 gxf6 14.Qg4+ Kh8 15.Rd2 Nc6
16.Qh4 Kg7 17.Qg4+ Kh8 18.Qh4 Kg7 19.Qg4+ Kh8 20.Qh4  1/2-1/2

[Event "XIII Open"]
[Site "Torredembarra ESP"]
[Date "2011.07.08"]
[Round "7"]
[White "Alvarez Pedraza,A"]
[Black "Becking,S"]
[Result "1/2-1/2"]
[WhiteElo "2551"]
[BlackElo "2415"]

1.d4 Nf6 2.c4 e6 3.Nc3 Bb4 4.Qc2 O-O 5.e4 Bxc3+ 6.bxc3 d6 7.Bd3 e5 8.Ne2 Nc6
9.O-O h6 10.f4 exd4 11.Ng3 Ng4 12.h3 Ne3 13.Bxe3 dxe3 14.Rae1 f6 15.Rxe3 Be6
16.Qe2 Qd7 17.Nh5 Kh8 18.Rff3 f5 19.Rg3 Rf7 20.Rg6 fxe4 21.Bxe4 Bf5 22.Bxf5 Qxf5
23.Ree6 Raf8 24.Kh2 Nd8 25.g4 Qb1 26.Re4 Qc1 27.f5 Nc6 28.c5 Ne5 29.Nf4 Qxc3
30.cxd6 Nf3+ 31.Kg2 Nh4+ 32.Kh2 Nf3+ 33.Kg2 Nh4+ 34.Kh2  1/2-1/2